000 00645nam a2200253Ia 4500
003 OSt
005 20221005063353.0
006 a|||||r|||| 00| 0
007 ta
008 221004b |||||||| |||| 00| 0 eng d
024 _a67353
037 _cTextual
040 _aCRL
_cCRL
_beng
041 _2eng
_aeng
082 _aV42.N7, L5
100 _aStockwin J A A
245 0 _aJapan
_b Divided polities in a growth economy
250 _a2nd
260 _aLondon
_bWeldenfold 1975
_c1975
300 _a333p.
_ccm.
650 _aHISTORY
942 _hV42.N7, L5
_cTEXL
_2cc
999 _c971327
_d971327